Atlas on the prophets (P.B.U.H) biography/ (Record no. 614517)
[ view plain ]
| 000 -LEADER | |
|---|---|
| fixed length control field | 01292nam a2200229 4500 |
| 020 ## - INTERNATIONAL STANDARD BOOK NUMBER | |
| International Standard Book Number | 9960897710 |
| 040 ## - CATALOGING SOURCE | |
| Transcribing agency | PK-NSHS |
| 082 ## - DEWEY DECIMAL CLASSIFICATION NUMBER | |
| Classification number | 297.63 |
| Author Mark | ABU |
| 100 ## - MAIN ENTRY--PERSONAL NAME | |
| Personal name | Abu Khalil, Shawqi, |
| 9 (RLIN) | 113222 |
| 245 ## - TITLE STATEMENT | |
| Title | Atlas on the prophets (P.B.U.H) biography/ |
| Remainder of title | An Authentic Collection of Iformation on Proophet's Seerah With Maps, Illustrations & Pictures: |
| Statement of responsibility, etc. | Shawqi Abu Khalil |
| 260 ## - PUBLICATION, DISTRIBUTION, ETC. | |
| Place of publication, distribution, etc. | Riyadh: |
| Name of publisher, distributor, etc. | Dar-us-Salam Publications, |
| Date of publication, distribution, etc. | 2003. |
| 300 ## - PHYSICAL DESCRIPTION | |
| Extent | 292 pages : |
| Other physical details | illustrations, maps ; |
| 500 ## - GENERAL NOTE | |
| General note | DC010825 |
| 520 ## - SUMMARY, ETC. | |
| Summary, etc. | This book rounds up a series of atlases, written and compiled by the author in the same pattern. It reviews the biography of the Prophet (S) and tracks the places he honored by his visits, the battles he fought, and the expeditions and envoys he directed. The book presents all the required maps, illustrations, drawings and pictures.<br/>Briefings and excerpts have been added to the pictures and drawings for better understanding, benefit and satisfaction of the readers. |
| 546 ## - LANGUAGE NOTE | |
| Language note | In English |
| 600 ## - SUBJECT ADDED ENTRY--PERSONAL NAME | |
| Personal name | Muhammad, prophet (PBUH) -- biography. |
| 9 (RLIN) | 130290 |
| 650 ## - SUBJECT ADDED ENTRY--TOPICAL TERM | |
| Topical term or geographic name entry element | Muhammad, Prophet -- Biography. |
| 9 (RLIN) | 130291 |
| 650 ## - SUBJECT ADDED ENTRY--TOPICAL TERM | |
| Topical term or geographic name entry element | Islam-- History. |
| 9 (RLIN) | 37202 |
| 650 ## - SUBJECT ADDED ENTRY--TOPICAL TERM | |
| Topical term or geographic name entry element | Muhammad, Prophet -- Wars. |
| 9 (RLIN) | 130292 |
| 942 ## - ADDED ENTRY ELEMENTS (KOHA) | |
| Source of classification or shelving scheme | |
| Koha item type | Book |
| Withdrawn status | Lost status | Source of classification or shelving scheme | Damaged status | Not for loan | Permanent Location | Current Location | Date acquired | Cost, normal purchase price | Full call number | Barcode | Date last seen | Cost, replacement price | Price effective from | Koha item type |
|---|---|---|---|---|---|---|---|---|---|---|---|---|---|---|
| NUST School of Health Sciences (NSHS) | NUST School of Health Sciences (NSHS) | 08/11/2025 | 1500.00 | 297.63 ABU | NSHS-2036 | 08/11/2025 | 3000.00 | 08/11/2025 | Book |
